LDR 01013naa#a2200193#i#450# 001 RU\RIOR\bibl\126401 005 20260704234844.6 011 ## _a2409-5087 100 ## _a20260630b2026####ek#y0rusy0150####ca 102 ## _aRU 200 1# _aПРОБЛЕМЫ ПРИМЕНЕНИЯ ИНСТИТУТОВ «ЗАВЕРЕНИЙ» И «ГАРАНТИЙ» ("REPRESENTATIONS" И "WARRANTIES") ПО ПРАВУ США (НА ПРИМЕРЕ ШТАТА ДЕЛАВЭР) _eЖурнальная статья 210 1# _aМосква _cООО "Издательский Центр РИОР" _d2026 215 ## _a4 с. 608 ## _aЖурнальная статья _2local 675 ## _aМеждународное частное право. Конфликтное право. Коллизионное право. 341.9 _z 686 ## _aОбщественные науки в целом. 60 _2bbk 686 ## _aТеория государства и права. 10.07 _2grnti 700 #1 _aФаркова _gВиктория Олеговна 856 4# _azh-szf.ru _u